Queer Roma (Record no. 65020)

MARC details
000 -LEADER
fixed length control field 02464nam a2200193Ii 4500
008 - FIXED-LENGTH DATA ELEMENTS--GENERAL INFORMATION
fixed length control field 221202s xx 000 0 und d
100 1# - MAIN ENTRY--PERSONAL NAME
Personal name Fremlova, Lucie,
Relator term author
245 #0 - TITLE STATEMENT
Title Queer Roma
264 ## - PRODUCTION, PUBLICATION, DISTRIBUTION, MANUFACTURE, AND COPYRIGHT NOTICE
Name of producer, publisher, distributor, manufacturer Taylor & Francis
Date of production, publication, distribution, manufacture, or copyright notice 2022
300 ## - PHYSICAL DESCRIPTION
Extent 1 online resource (190 pages)
336 ## - CONTENT TYPE
Content type term text
Content type code txt
Source rdacontent
337 ## - MEDIA TYPE
Media type term computer
Media type code c
Source rdamedia
338 ## - CARRIER TYPE
Carrier type term online resource
Carrier type code cr
Source rdacarrier
490 ## - SERIES STATEMENT
Series statement Transforming LGBTQ Lives
520 ## - SUMMARY, ETC.
Summary, etc. This book offers in-depth insight into the lives of queer Roma, thus providing rich evidence of the heterogeneity of Roma. The lived experiences of queer Roma, which are very diverse regionally and otherwise, pose a fundamental challenge to one-dimensional, negative misrepresentations of Roma as homophobic and antithetical to European and Western modernity. The book platforms Romani agency and voices in an original and novel way. This enables the reader to feel the individuals behind the data, which detail stories of rejection by Romani families and communities, and non-Romani communities; and unfamiliar, ground-breaking stories of acceptance by Romani families and communities. Combining intersectionality with queer theory innovatively and applying it to Romani Studies, the author supports her arguments with data illustrating how the identities of queer Roma are shaped by antigypsyism and its intersections with homophobia and transphobia. Thanks to its theoretical and empirical content, and its location within a book series on LGBTIQ lives that appeals to an international audience, this authoritative book will appeal to a wide range of readers. It will a be useful resource for libraries, community and social service workers, third-sector Romani and LGBTIQ organisations, activists and policymakers; an invaluable source of information for scholars, teachers and students of bigger modules in undergraduate, graduate and postgraduate courses in a cross-section of academic disciplines and subject areas. These include but are not limited to LGBTIQ/Queer Studies; Women’s, Gender and Sexuality Studies; Romani Studies; Sociology; Anthropology; Human Geography; Area Studies; Cultural Studies; Social Movement Studies; Media Studies; Psychology; Heath Science; Social Science; Political Science.
653 ## - INDEX TERM--UNCONTROLLED
Uncontrolled term Gender Studies, Gender Groups
856 ## - ELECTRONIC LOCATION AND ACCESS
Uniform Resource Identifier <a href="https://library.oapen.org/bitstream/20.500.12657/50910/1/9781000486544.pdfhttps://library.oapen.org/handle/20.500.12657/50910">https://library.oapen.org/bitstream/20.500.12657/50910/1/9781000486544.pdfhttps://library.oapen.org/handle/20.500.12657/50910</a>
942 ## - ADDED ENTRY ELEMENTS (KOHA)
Koha item type E-Book
Holdings
Withdrawn status Damaged status Not for loan Home library Current library Date acquired Total Checkouts Date last seen Price effective from Koha item type
      Directory of Open Access Books Directory of Open Access Books 11/28/2022   11/28/2022 11/28/2022 E-Book

University of Rizal System
Email us at univlibservices@urs.edu.ph

Visit our Website www.urs.edu.ph/library